Computers!
Gespeichert in:
| 1. Verfasser: | |
|---|---|
| Weitere Verfasser: | |
| Format: | Buch |
| Sprache: | Englisch |
| Veröffentlicht: |
New York
Mitchell MacGraw-Hill
1989
|
| Ausgabe: | 2. ed. |
| Schlagworte: | |
| Tags: |
Keine Tags, Fügen Sie das erste Tag hinzu!
|
MARC
| LEADER | 00000nam a2200000 4500 | ||
|---|---|---|---|
| 001 | c004001 | ||
| 005 | 20221206131232.1 | ||
| 020 | |a 0-07-557974-X | ||
| 041 | 0 | |a eng | |
| 044 | |a US | ||
| 245 | 1 | 0 | |a Computers! |c Timothy N. Trainor, Diane Krasnewich |
| 250 | |a 2. ed. | ||
| 264 | 1 | |a New York |b Mitchell MacGraw-Hill |c 1989 | |
| 300 | |a 554 s. | ||
| 610 | 2 | 0 | |a počítače |
| 610 | 2 | 0 | |a mikropočítače |
| 610 | 2 | 0 | |a využitie počítačov |
| 610 | 2 | 0 | |a hardvér |
| 610 | 2 | 0 | |a softvér |
| 610 | 2 | 0 | |a systémy informačné |
| 100 | 1 | |a Trainor, Timothy N. | |
| 700 | 1 | |a Krasnewich, Diane | |